Текст томруулах:    
Study guide for use with Financial accounting (Бичлэгийн дугаар. 146012)
000 -УДИРДЛАГА
Удирдлага 00884nam a22002897a 4500
003 - ХЯНАЛТЫН ТОО ТОДОРХОЙЛОГЧ
Код MN-UlNUM
005 - БИЧИЛТ ХИЙСЭН ОГНОО
Тухайн бичилтийг бичсэн засварласан сүүлийн огноо 20251224114353.0
008 - ЕРӨНХИЙ МЭДЭЭЛЭЛ
Ерөнхий мэдээлэл 251224s1996 iluab||| |||| 001 0 eng |
020 ## - ISBN
ISBN 025619971X
040 ## - БИЧЛЭГ ҮҮСГЭГЧ БАЙГУУЛЛАГА
Бичлэг үүсгэгч номын сангийн код МУИС-ийн номын сан
084 ## - ББК АНГИЛАЛ
Нэмэлт тусгалт Бусад
ББК ангилал 65.290-2
Зохиогчийн гурван тэмдэгт L 66
Мэдлэгийн ялгаа 65 - Эдийн засаг
100 1# - ЗОХИОГЧ
Зохиогчийн нэр Libby, Robert.
245 10 - ҮНДСЭН ГАРЧИГ
Номын нэр Study guide for use with Financial accounting
260 ## - ГАРАЛТЫН МЭДЭЭ
Хэвлэгдсэн газар Chicago :
Хэвлэлийн газар Irwin,
Хэвлэгдсэн он 1996.
300 ## - МАТЕРИАЛЫН ТОДОРХОЙЛОЛТ
хуудасны тоо 325p.:
500 ## - Тайлбар
Дансны дугаар БС 4704
546 ## - ХЭЛНИЙ ТУХАЙ МЭДЭЭ
Хэл Англи хэл дээр,
653 ## - Түлхүүр үг
Түлхүүр үг accounting
700 1# - ХАМ ЗОХИОГЧИД
Ба бус Libby, Patricia A.
740 ## - НОМЫН ГАРЧИГ
Гарчиг Financial statements and Business Decisions
740 ## - НОМЫН ГАРЧИГ
Гарчиг The Accounting Model and Transaction Analysis
740 ## - НОМЫН ГАРЧИГ
Гарчиг Income Measurement and Operating Decisions
740 ## - НОМЫН ГАРЧИГ
Гарчиг The Adjustment Process and Financial Statement Preparation
942 ## - ЭЛЕМЕНТИЙН ТӨРӨЛ
Зүйлийн төрөл Ном